| 000 | 00842nam a22002297a 4500 | ||
|---|---|---|---|
| 999 |
_c10267 _d10267 |
||
| 001 | 10267 | ||
| 003 | OSt | ||
| 005 | 20181112134017.0 | ||
| 008 | 180422b1997 bg ||||| |||| 00| 0 ben d | ||
| 035 | _a(BD-JhCC)10267 | ||
| 040 |
_aBD-JhCC _dBD-JhCC |
||
| 041 | _aben | ||
| 082 |
_a297.63 _bPAR 1997 |
||
| 100 | _aপরিষদ, ইসলামী বিশ্বকোষ সম্পাদনা | ||
| 245 |
_aহযরত রাসূলে করীম (সা.) জীবন ও শিক্ষা / _cইসলামী বিশ্বকোষ সম্পাদনা পরিষদ |
||
| 260 |
_aঢাকা : _bইসলামী ফাউন্ডশন বাংলাদেশ _c1997. |
||
| 300 |
_a632 P. : _c21 cm. |
||
| 650 | _aBiography | ||
| 650 | _aHazrat Rasul Karim (sl) | ||
| 942 |
_2ddc _cBK _02 |
||